| 000 | 00896nam a2200241 a 4500 | ||
|---|---|---|---|
| 001 | 000041351 | ||
| 005 | 20201002034819.0 | ||
| 008 | 131001s1995 sp 000 0 spa d | ||
| 020 | _a840007551X | ||
| 040 |
_aDO-SdBNP _bspa _cBNPHU |
||
| 082 |
_axxxx _bxxxx |
||
| 245 | 0 | 3 |
_aEl Estado del bienestar en la Europa del sur / _ccompiladores Sebastiá Sarasa, Luis Moreno. |
| 260 |
_aMadrid, : _bCSIC, _c1995. |
||
| 300 |
_a419 p. ; _c24 cm. |
||
| 490 | 1 | _aPoliteya | |
| 490 | 1 |
_aEstudios de política y sociedad _v7 |
|
| 504 | _aIncluye referencias bibliográficas y notas al pie de las páginas | ||
| 504 | _aBibliografía : p. 57-59-110-111-150-153-184-186-213-214-237-238-255-257-287-288-309-311-327-367-368-412 | ||
| 700 | 1 |
_aSarasa, Sebastiá, _ecomp. _967996 |
|
| 700 | 1 |
_aMoreno, Luis, _ecomp. _943052 |
|
| 830 | 0 |
_aPoliteya _967596 |
|
| 830 | 0 |
_aEstudios de política y sociedad _n7 _967997 |
|
| 999 |
_c40841 _d40841 |
||